000 00711nab a2200229u 4500
001 09764
003 HDC
007 c| |||a|c|aaaa
008 210202b20120227my ||||| |||| 00| 0 may d
040 _aHDC
245 0 _aMIDA komited majukan ekonomi
336 _atext
_2rdacontent
337 _acomputer
_2rdamedia
338 _aonline resource
_2rdacarrier
650 _aEconomic Transformation Programme (ETP)
_99982
650 _aMIDA
_98961
710 _aSinar Harian
856 _zRequest full-text at [email protected]
942 _2lcc
942 _cNEWS
942 _kNWSC 003584
999 _c7087
_d7087